000 01041nam a2200193 i 4500
001 54559
003 ES-MaACL
005 20250814080453.0
007 t|
008 031223s1884 fr ||||1| fre d
100 1 _aFranklin, Alfred.
_952336
245 1 4 _aLes corporations ouvrières de Paris, du XIIe au XVIIIe siècle
_b: histoire, statuts, armoires, d'après des documents originaux ou inédits /
_cpar Alfred Franklin.
260 _aParis :
_bFirmin-Didot,
_c1884.
300 _a13 fascículos en 1 v., [13] h. lám. col. escudos ;
_c29 cm.
505 8 _aContiene: [1] Barbiers. Chirurgiens. - [2] Brodeurs. Chasubliers. Découpeurs. - [3] Couteliers. - [4] Couturières. - [5] Couvreurs. Plombiers. Ramoneurs. - [6] Drapiers, tisseurs et marchands. - [7] Gantiers. Parfumeurs. - [8] Lingères. - [9] Menuisiers. Ébénistes. - [10] Passementiers. Boutonniers. - [11] Perruquiers. Coiffeurs. - [12] Tabletiers. - [13] Tailleurs
650 7 _aGremios-
_zParís
_2
_9155658
852 _aES-MaACL
_jT-1457-F-8
999 _c54559
_d54559